| 000 | 01065nam a22001817a 4500 | ||
|---|---|---|---|
| 999 |
_c63020 _d63020 |
||
| 003 | Ge_BSU | ||
| 005 | 20250507135033.0 | ||
| 008 | 250507s1986 ge ||||| |||| 00| 0 geo d | ||
| 041 | _ageo | ||
| 080 | _a338.436(479.22) ა-50 | ||
| 100 |
_aალიკოშვილი, ო. _925015 |
||
| 245 |
_aსამეურნეობათაშორისო კოოპერაციისა და აგროსამრეწველო ინტეგრაციის განვითარების ეკონომიკური პრობლემები საქართველოში. _c ო. ალიკოშვილი. |
||
| 264 |
_aთბ. : _bსაბჭ. საქართველო, _c1986. |
||
| 300 |
_a319 გვ. ; _b20 სმ. |
||
| 653 | _aსაქართველოს სოფლის მეურნეობის კოოპერაცია | ||
| 653 | _aსაქართველოს აგროსამრეწველო ინტეგრაცია. | ||
| 942 |
_2udc _cᲬᲘᲒᲜᲘ |
||